000 00661nam a2200241Ia 4500
003 OSt
005 20220918222011.0
006 a|||||r|||| 00| 0
007 ta
008 220917b |||||||| |||| 00| 0 eng d
024 _a214,245
037 _cTextual
040 _aARTS
_cARTS
_beng
041 _2eng
_aeng
082 _aR3xM44:g, P2
100 _aMarsden Jill
_9141944
245 0 _aAfter nietzsche
_b Notes towards a philosophy of ecstasy
260 _aHampshere
_bPalgrave
_c2002
300 _axvii, 209 p
_ccm.
490 _aRenewing philosophy
942 _hR3xM44:g, P2
_cTEXL
_2CC
999 _c274269
_d274269